|
|
|
|
| LEADER |
01213nam a2200325 a 4500 |
| 001 |
16548853 |
| 008 |
120627s2012 waua 001 0 eng |
| 010 |
|
|
|a 2010941617
|
| 020 |
|
|
|a 9788120344631
|
| 020 |
|
|
|a 9780735648906 (pbk.)
|
| 020 |
|
|
|a 0735648905 (pbk.)
|
| 040 |
|
|
|a DLC
|c DLC
|d BD-DhAAL
|
| 042 |
|
|
|a pcc
|
| 082 |
0 |
4 |
|a 658.812028553
|2 22
|
| 100 |
1 |
|
|a Snyder, Mike.
|
| 245 |
1 |
0 |
|a Microsoft Dynamics CRM 2011 step by step /
|c Mike Snyder, Jim Steger, Brendan Landers.
|
| 260 |
|
|
|a Redmond, Wash. :
|b Microsoft Press ;
|a New Delhi :
|b PHI Learning Pvt. Ltd.,
|c c2012.
|
| 300 |
|
|
|a xxvi, 417 p. :
|b ill. ;
|c 23 cm.
|
| 490 |
1 |
|
|a Step by step
|
| 500 |
|
|
|a Includes index.
|
| 541 |
|
|
|e 00025508
|
| 630 |
0 |
0 |
|a Microsoft CRM.
|
| 650 |
|
0 |
|a Customer relations
|x Management
|x Computer programs.
|
| 650 |
|
0 |
|a Customer relations
|x Data processing
|x Computer programs.
|
| 700 |
1 |
|
|a Steger, Jim.
|
| 700 |
1 |
|
|a Landers, Brendan.
|
| 830 |
|
0 |
|a Step by step (Redmond, Wash.)
|
| 852 |
1 |
|
|a Ayesha Abed Library
|c General shelf.
|
| 999 |
|
|
|c 12428
|d 12428
|
| 952 |
|
|
|0 0
|1 0
|2 ddc
|4 0
|6 658_812028553000000_SNY
|7 0
|9 20576
|a BRACUL
|b BRACUL
|c GEN
|d 2012-06-27
|g 816.00
|l 0
|o 658.812028553 SNY
|p 3010025508
|r 2012-06-27
|t 1
|w 2012-06-27
|y BK
|